[Event "GRE CupT final 36th"]
[Site "Rio Achaia"]
[Date "2018.07.08"]
[Round "2.1"]
[White "Michelakos, Panagiotis"]
[Black "Nikolakopoulos, Nikolaos"]
[Result "1-0"]
[WhiteElo "2244"]
[BlackElo "1858"]
[PlyCount "81"]
[EventDate "2018.07.08"]
[EventType "team-k.o."]
[EventRounds "3"]
[EventCountry "GRE"]
[SourceTitle "CBM 185 Extra"]
[Source "ChessBase"]
[SourceDate "2018.07.29"]
[SourceVersion "1"]
[SourceVersionDate "2018.07.29"]
[SourceQuality "1"]
[WhiteTeam "Eoac Fysiolatris"]
[BlackTeam "Asia Aegiou"]
[WhiteTeamCountry "GRE"]
[BlackTeamCountry "GRE"]

1. e4 c5 2. Nf3 g6 3. d4 cxd4 4. Nxd4 Bg7 5. c4 Nc6 6. Be3 Nf6 7. Nc3 d6 8. Be2 0-0 9. 0-0 Bd7 10. Qd2 Nxd4 11. Bxd4 Bc6 12. f3 a5 13. b3 Nd7 14. Be3 Nc5 15. Rab1 e6 16. Rfd1 Be5 17. Bf2 Qe7 18. Nb5 Rfd8 19. Qe3 Qf6 20. g3 Bxb5 21. cxb5 g5 22. Rbc1 Rac8 23. b6 Qe7 24. f4 gxf4 25. gxf4 Bf6 26. e5 dxe5 27. Rxd8+ Qxd8 28. Rxc5 Rxc5 29. Qxc5 exf4 30. Bf3 Kg7 31. Kg2 Qd7 32. Qxa5 Qd3 33. Qe1 Qc2 34. Qe4 Qxa2 35. Qxf4 Qxb3 36. Bxb7 Qb5 37. Bf3 Be5 38. Qg5+ Kf8 39. b7 Qb2 40. h4 f6 41. Qh6+ 1-0

[Event "Heraklion op 18th"]
[Site "Heraklion"]
[Date "2016.09.06"]
[Round "5"]
[White "Nikolakopoulos, Nikolaos"]
[Black "Amato, Giampiero"]
[Result "0-1"]
[WhiteElo "1924"]
[BlackElo "2025"]
[PlyCount "52"]
[EventDate "2016.09.03"]
[EventType "swiss"]
[EventRounds "9"]
[EventCountry "GRE"]
[SourceTitle "CBM 174 Extra"]
[Source "ChessBase"]
[SourceDate "2016.10.10"]
[SourceVersion "1"]
[SourceVersionDate "2016.10.10"]
[SourceQuality "1"]

1. e4 e5 2. Nf3 Nf6 3. d4 Nxe4 4. Bd3 d5 5. Nxe5 Nd7 6. Nc3 Bb4 7. 0-0 Nxc3 8. bxc3 Bxc3 9. Ba3 Bxa1 10. Bb5 Bb2 11. Nc6 Bxa3 12. Nxd8 Kxd8 13. Bxd7 Bxd7 14. Qf3 Bd6 15. Qxd5 Rb8 16. Qxf7 c6 17. c4 b6 18. Rd1 Re8 19. Qxg7 Re7 20. Qf6 Kc7 21. c5 bxc5 22. dxc5 Bxc5 23. Qf4+ Kb7 24. Rb1+ Bb6 25. Kf1 Rbe8 26. g3 Bh3+ 0-1

[Event "GRE-chT 42nd"]
[Site "Porto Rio"]
[Date "2014.07.03"]
[Round "7.2"]
[White "Nikolakopoulos, Nikolaos"]
[Black "Chrysafis, Ioannis"]
[Result "1-0"]
[WhiteElo "1992"]
[BlackElo "1594"]
[PlyCount "36"]
[EventDate "2014.06.28"]
[EventType "team-swiss"]
[EventRounds "7"]
[EventCountry "GRE"]
[SourceTitle "CBM 161 Extra"]
[Source "ChessBase"]
[SourceDate "2014.08.29"]
[SourceVersion "1"]
[SourceVersionDate "2014.08.29"]
[SourceQuality "1"]
[WhiteTeam "Aigialeias Interior"]
[BlackTeam "Alexandroupolis Ethnikos"]
[WhiteTeamCountry "GRE"]
[BlackTeamCountry "GRE"]

1. e4 d5 2. exd5 Nf6 3. Nf3 Nxd5 4. d4 g6 5. c4 Nb6 6. c5 Nd5 7. Nc3 Bg7 8. Bc4 c6 9. Qb3 e6 10. 0-0 Nxc3 11. Qxc3 0-0 12. Bf4 Nd7 13. Rfe1 Nf6 14. a4 Nd5 15. Bd6 Re8 16. a5 Bf8 17. Bg3 Bd7 18. Ne5 Qc8 1-0

[Event "GRE-chT 39th"]
[Site "Eretria"]
[Date "2011.07.03"]
[Round "1.13"]
[White "Nikolakopoulos, Nikolaos"]
[Black "Postny, Evgeny"]
[Result "0-1"]
[WhiteElo "1992"]
[BlackElo "2618"]
[PlyCount "80"]
[EventDate "2011.07.03"]
[EventType "team-swiss"]
[EventRounds "7"]
[EventCountry "GRE"]
[SourceTitle "CBM 143 Extra"]
[Source "ChessBase"]
[SourceDate "2011.08.29"]
[SourceVersion "1"]
[SourceVersionDate "2011.08.29"]
[SourceQuality "1"]
[WhiteTeam "Aigialeias Chess Union"]
[BlackTeam "Heraklion CC"]
[WhiteTeamCountry "GRE"]
[BlackTeamCountry "GRE"]

1. e4 c5 2. Nf3 e6 3. d4 cxd4 4. Nxd4 a6 5. Nc3 Nc6 6. Nxc6 bxc6 7. e5 Qc7 8. f4 d5 9. exd6 Bxd6 10. Ne4 Bb4+ 11. c3 Be7 12. Bd3 Nf6 13. 0-0 0-0 14. Nxf6+ Bxf6 15. Be3 g6 16. Qf3 Rb8 17. Rf2 c5 18. g4 Bh4 19. Re2 f5 20. Qh3 Bf6 21. g5 Bg7 22. Bc4 Kh8 23. Rae1 e5 24. fxe5 f4 25. e6 fxe3 26. Qxe3 Qe7 27. h4 Bb7 28. Rd1 Bc6 29. Bd5 Rbd8 30. Qe4 Rf5 31. Red2 Re5 32. Qc4 Rdxd5 33. Rxd5 Bxd5 34. Rxd5 Rxe6 35. Rxc5 Re1+ 36. Kg2 Re2+ 37. Kf1 Re4 38. Rc8+ Bf8 39. Qd5 Rf4+ 40. Kg1 Qe3+ 0-1

[Event "Heraklion op"]
[Site "Heraklion"]
[Date "2011.06.13"]
[Round "3"]
[White "Nikolakopoulos, Nikolaos"]
[Black "Mitrandzas, Athanasios"]
[Result "0-1"]
[WhiteElo "2004"]
[BlackElo "2114"]
[PlyCount "91"]
[EventDate "2011.06.11"]
[EventType "swiss"]
[EventRounds "9"]
[EventCountry "GRE"]
[SourceTitle "CBM 142 Extra"]
[Source "ChessBase"]
[SourceDate "2011.06.27"]
[SourceVersion "1"]
[SourceVersionDate "2011.06.27"]
[SourceQuality "1"]

1. e4 c5 2. Nf3 d6 3. d4 cxd4 4. Nxd4 Nf6 5. Nc3 Nc6 6. h3 e6 7. g4 Be7 8. Be3 0-0 9. Bg2 a6 10. 0-0 Ne5 11. g5 Nfd7 12. h4 Nc4 13. Bc1 Qc7 14. Nce2 b5 15. f4 Re8 16. b3 Na5 17. Be3 Bb7 18. h5 Bf8 19. Ng3 e5 20. Ndf5 Nc6 21. g6 Nf6 22. gxh7+ Kxh7 23. Qd2 exf4 24. Bxf4 Ne5 25. h6 g6 26. Ng7 Bxg7 27. hxg7 Nfg4 28. Bxe5 Rxe5 29. Qf4 Nh6 30. Rf2 Kxg7 31. Raf1 Qe7 32. Qe3 Qh4 33. Rf4 Ng4 34. Rxg4 Qxg4 35. Bh3 Qh4 36. Rf4 Qg5 37. Kf2 Rc8 38. Bxc8 Bxc8 39. Qf3 Be6 40. Ne2 Qe7 41. Nd4 Rh5 42. Nf5+ Bxf5 43. exf5 Rxf5 44. Rxf5 gxf5 45. Qc6 Qh4+ 46. Ke2 0-1

[Event "Aigialias op 1st"]
[Site "Aigialias"]
[Date "2008.08.20"]
[Round "4"]
[White "Nikolakopoulos, Nikolaos"]
[Black "Aggelis, Nikolaos"]
[Result "1/2-1/2"]
[WhiteElo "1967"]
[BlackElo "2271"]
[PlyCount "97"]
[EventDate "2008.08.18"]
[EventType "swiss"]
[EventRounds "9"]
[EventCountry "GRE"]
[SourceTitle "EXT 2009"]
[Source "ChessBase"]
[SourceDate "2008.11.26"]
[SourceVersion "1"]
[SourceVersionDate "2008.11.26"]
[SourceQuality "1"]

1. e4 e5 2. Nf3 Nc6 3. Bc4 Bc5 4. c3 Nf6 5. d4 exd4 6. cxd4 Bb4+ 7. Nc3 Nxe4 8. 0-0 Bxc3 9. d5 Ne5 10. bxc3 Nxc4 11. Qd4 0-0 12. Qxc4 Nd6 13. Qf4 Re8 14. Ba3 Re4 15. Qg3 Nc4 16. Ng5 Re5 17. Nxf7 Kxf7 18. Qf4+ Kg8 19. Qxc4 d6 20. Rfe1 Rxe1+ 21. Rxe1 Bd7 22. Qd4 Qf6 23. Qd2 Re8 24. Rxe8+ Bxe8 25. Bb2 Qf5 26. h3 Qb1+ 27. Kh2 Qe4 28. c4 Qe7 29. Qd4 b6 30. g3 Bg6 31. h4 Qf6 32. Qxf6 gxf6 33. Bxf6 Bd3 34. Bd8 Bxc4 35. Bxc7 h5 36. a3 Bxd5 37. Bxd6 Bf3 38. Kg1 Kf7 39. Kf1 Ke6 40. Bf8 Kd5 41. Ke1 Ke4 42. Kd2 Bg4 43. Bh6 b5 44. Be3 a5 45. Bb6 a4 46. Kc3 Be2 47. Kb4 Kf3 48. Bc5 Kg4 49. Be3 1/2-1/2

[Event "Aigialias op 1st"]
[Site "Aigialias"]
[Date "2008.08.19"]
[Round "2"]
[White "Nikolakopoulos, Nikolaos"]
[Black "Georgiadis, Ioannis"]
[Result "0-1"]
[WhiteElo "1967"]
[BlackElo "2373"]
[PlyCount "56"]
[EventDate "2008.08.18"]
[EventType "swiss"]
[EventRounds "9"]
[EventCountry "GRE"]
[SourceTitle "EXT 2009"]
[Source "ChessBase"]
[SourceDate "2008.11.26"]
[SourceVersion "1"]
[SourceVersionDate "2008.11.26"]
[SourceQuality "1"]

1. e4 c5 2. Nf3 d6 3. d4 cxd4 4. Nxd4 Nf6 5. Nc3 a6 6. Bc4 e6 7. Bb3 b5 8. Bg5 Be7 9. Qf3 Qc7 10. e5 Bb7 11. exd6 Bxd6 12. Qh3 Nc6 13. Bxf6 gxf6 14. 0-0-0 Nxd4 15. Rxd4 0-0-0 16. Kb1 f5 17. Rhd1 Be5 18. Rxd8+ Rxd8 19. Rxd8+ Kxd8 20. a3 Ke7 21. Ne2 Qc5 22. f4 Bf6 23. g3 a5 24. Nc1 a4 25. Ba2 Be4 26. Nd3 Qg1+ 27. Nc1 Qf2 28. Nd3 Bxd3 0-1